000 00352cam a2200133u 4500
040 _cCarP
082 _a547 PAR 1985 A111 Or.
100 1 _aArnaud, Paul. [from old catalog]
245 1 0 _aCours de chimie organique ...
260 _aParis,
_bGauthier-Villars,
_c1967.
300 _a407 p.
_billus.
_c24 cm.
650 0 _aChemistry, Organic.
942 _cEK
999 _c16618
_d16618